000 01014nas a2200325 4500
001 BR2014006396
003 BR-BrBNA
005 20231205124610.0
007 ta
008 230509b bl.|||p| |||| 00| 00por d
040 _aBR-BrBNA
_bpor
_cBiblioteca Nacional de Agricultura
041 _a(En)
072 _aL01
100 1 _aMachado Neto, O.R.
100 1 _aLadeira, M.M.
100 1 _aGonçalves, T. de M.
100 1 _aLopes, L.S.
100 1 _aOliveira, D.M. de
100 1 _aLima, R.R. de
245 1 _aPerformance and carcass traits of Nellore and Red Norte steers finished in feedlot
650 _aGADO NELORE
650 _aNOVILHO
650 _aEXIGÊNCIA NUTRICIONAL
650 _aPRODUÇÃO ANIMAL
650 _aCONFINAMENTO
773 0 _tRevista Brasileira de Zootecnia (Brazil)
_xISSN 1806-9290
_g(May 2011), v. 40(5) p. 1080-1087
_wBR2014006396
856 4 0 _uhttp://www.scielo.br/pdf/rbz/v40n5/a19v40n5.pdf
909 _a202311
_bLúcia
_c55
_dLúcia Elande
942 _2AGRIS
_n0
_cANA
999 _c239917
_d239917